000 00461nam a2200157Ia 4500
008 230312s9999||||xx |||||||||||||| ||und||
020 _a81-8431-118-4
082 _a621.382
_bCHI-A
100 _aChitode,J.S
245 0 _aAnalog and Digital Communication
260 _bTechnical Publications Pune
_aIndia
_c2007
300 _aP-28
546 _aEng.
650 _aEngineering
_vDigital Communications,Spread Spectrum and Multiple Access Techniques
942 _cBK
999 _c1369
_d1369